10 Most Watched Movies of All Time - Statistics

General Stats
  • This quiz has been taken 83 times
  • The average score is 4 of 10
Answer Stats
# Year Genre(s) Movie % Correct
1 1997 Drama, Romance Titanic
88%
2 1982 Adventure, Family, Sci-Fi E.T.
65%
9 1972 Crime, Drama The Godfather
55%
6 1937 Animation, Adventure, Family Snow White and the Seven Dwarfs
38%
5 2003 Action, Adventure, Drama The Lord of the Rings: The Return of the King
36%
3 1939 Adventure, Family, Fantasy The Wizard of Oz
35%
8 1994 Animation, Adventure, Drama The Lion King
29%
7 1991 Action, Sci-Fi Terminator 2
25%
4 1977 Action, Adventure, Fantasy Star Wars: Episode IV- A New Hope
20%
10 1979 Biography, Drama, Family The Jesus Film
1%
No matching quizzes found
Score Distribution
Percent of People with Each Score
Percentile by Number Answered
Your Score History
You have not taken this quiz